| 000 | 01044nam a22002417a 4500 | ||
|---|---|---|---|
| 999 |
_c20810 _d20810 |
||
| 003 | AR-CdUCM | ||
| 008 | 190312b ||||| |||| 00| 0 spa d | ||
| 040 |
_aMUNICIPALIDAD PROVINCIAL DEL CUSCO _cBIBLIOTECA MUNICIPAL DEL CUSCO |
||
| 082 |
_a354.8 / _bC43 |
||
| 110 |
_aCentro interamericano de administración del trabajo CIAT _943474 |
||
| 245 | _aAdministración del trabajo / | ||
| 246 | _aSerie de documentos, SD/82/2 | ||
| 260 |
_aLima : _bOIT, _c1979. |
||
| 300 | _c30 cm. | ||
| 440 |
_aLecturas seleccionadas _943475 |
||
| 500 | _aSistema de capacitación permanente. | ||
| 505 | _aContenido : t.2 : Administración pública -- Desarrollo nacional -- Análisis de la organización -- Estructura orgánica -- t.3 :Elementos de administración del trabajo -- Servicio de la administración del trabajo: Empleo y recursos humanos -- El caso Peruano... | ||
| 650 |
_aAdministración del trabajo _943476 |
||
| 650 |
_aAdministración pública _921013 |
||
| 650 |
_aEstadística laboral _98852 |
||
| 942 |
_2ddc _cLIBROS |
||
| 945 | _arcc | ||